Za Jánom Števčekom

Bibliographic Details
Main Author: Petrík, Vladimír, 1929-2017 (Author)
Format: Article
Language:Slovak
Subjects:

MARC

LEADER 00000cab a2200000 a 4500
001 vtls000622208
003 SK-MaSNL
005 20260304085513.0
008 250425|1996 xo ||||||| || 0 |slo
015 |a SNBRB19rr/mm-uuuuu 
035 |a CL0622347 
035 |a urn:nbn:sk:snk-abf2z5 
035 |a (urnnbn)urn:nbn:sk:snk:ar-0050ct 
035 |a (uuid)7bb35703-28f4-426d-b0ce-d98e139cf166 
040 |a SNKBUCL  |b slo  |c SNKBUCL  |e AACR2 
041 0 |a slo 
044 |a xo  |c SK 
080 |a 82:929:885.4  |2 1981 
080 |a 885.4  |2 1981 
080 |a 929 Števček, Ján  |2 1981 
100 1 |a Petrík, Vladimír,  |d 1929-2017  |4 aut  |9 171168 
245 1 0 |a Za Jánom Števčekom  |c Vladimír Petrík 
600 1 7 |a Števček, Ján,  |d 1929-1996  |2 SNKMA  |9 105256 
655 7 |a nekrológy  |2 snkbucl  |9 402542 
655 7 |a články z novín a časopisov  |2 snkbucl  |9 267496 
773 0 |t Slovenská literatúra  |g Roč. 43, č. 6 (1996), s. 450-452  |x 0037-6973 
850 |a Slovenská národná knižnica 
852 |a Slovenská národná knižnica 
954 |a odborná, vedecká literatúra pôvodná (slovenská)  |2 lita 
958 |a article27 
958 |a LX 
958 |a SK 
958 |a BX 
958 |a RK 
958 |a OND 
958 |a EUIPO 
958 |a PETRIKApj/1996 
992 |a RBX 
999 |c 2808317  |d 2810247